000 01143nam a2200253 i 4500
001 bg
003 KOSZ 005
005 20200630132821.0
008 081204s1960 pl a f 001 0 pol
015 _aPB 1960/8637
040 _aWA N
_cKOSZ 005/RW
_dKOSZ 005/RW
080 _a517
100 1 _aPogorzelski, Witold
_d(1895-1963).
245 1 0 _aRównania całkowe i ich zastosowania.
_nT. 3,
_pWłaściwości całki typu Cauchy'ego : zagadnienia brzegowe w teorii funkcyj analitycznych : równania całkowe mocno-osobliwe liniowe i nieliniowe /
_cWitold Pogorzelski.
246 3 0 _aWłaściwości całki typu Cauchy'ego :
_bzagadnienia brzegowe w teorii funkcyj analitycznych : równania całkowe mocno-osobliwe liniowe i nieliniowe.
260 _aWarszawa :
_bPaństwowe Wydawnictwo Naukowe,
_c1960.
300 _a228 s. :
_bil. ;
_c24 cm.
380 _aKsiążki.
504 _aBibliogr. s. [222]-224. Indeks.
650 4 _aRównania całkowe
710 2 _aPaństwowe Wydawnictwo Naukowe
_4pbl.
856 _uhttp://koha.tu.koszalin.pl/cgi-bin/koha/opac-detail.pl?biblionumber=10879
_yKatalog online BPK
942 _2UKD
_cKS
999 _c10879
_d10879